| 000 | 01327nam1a2200277 i 4500 | ||
|---|---|---|---|
| 001 | RU\NLR\bibl\1028054 | ||
| 005 | 20260607063426.0 | ||
| 035 | _a(NLR Aleph) 001015544 | ||
| 090 |
_a665695 _c665695 |
||
| 100 | _a20061227g20069999u y0rusy50 ca | ||
| 101 | 0 | _arus | |
| 102 | _aRU | ||
| 105 | _a||||z ||||| | ||
| 200 | 1 |
_aТеория и методика преподавания русского языка _eпрактические занятия _e(методические рекомендации) _fИ. Текучева _gДеп. обазования г. Москвы, Моск. гуманитар. пед. ин-т, [Каф. рус. яз. и методики] |
|
| 210 |
_aМосква _cМГПИ _d2006 |
||
| 215 | _d21 | ||
| 300 | _aНа обороте тит. л. авт. - к.филол.н., проф. | ||
| 463 | 0 | _10011018257 | |
| 606 |
_aРусский язык _jУчебные издания для высших учебных заведений _xПреподавание _xСредняя школа _91546697 _3RU\NLR\auth\66976048 |
||
| 686 | _aЧ426.131(2)я73 | ||
| 700 | 1 |
_4070 _7ca _8rus _aТекучева _bИ. В. _gИрина Викторовна _93164 _3RU\NLR\auth\7720096 |
|
| 801 | 0 |
_aRU _bNLR _c20061227 _gRCR |
|
| 801 | 1 |
_aRU _bNLR _c20061227 |
|
| 852 |
_aNLR _j2006-3/33084 |
||
| 942 | _cBOOK | ||